000 01810nam a2200481 i 4500
001 193031
003 SpMaBN
005 20240707063034.0
007 ta
008 230723s1995 sp | ||||o001 0 spa
016 7 _abimoBNE19950315784
_2SpMaBN
017 _aM 12486-1995
_bOficina Depósito Legal Madrid
020 _a848869914x
024 7 _aNIPO 306-95-005-2
_2nipo
035 _a(OCoLC)431254177
035 _abimo0000456770
040 _aSpMaBN
_bspa
_cSpMaBN
_erdc
_dSpMaBN
080 _a017
_2summary
080 _a016:929.5
080 _a016:929.6
080 _a017.1(460.27 M.)
100 0 _aGarcía Cubero, Luis
_0XX909426
_954394
245 1 0 _aBibliografía heráldico-genealógico-nobiliaria de la Biblioteca Nacional :
_b(impresos) (1959-1994) /
_cpor Luis García Cubero ; prólogo de Manuel Carrión Gútiez
260 _aMadrid :
_bBiblioteca Nacional,
_c1995
300 _a300 p. ;
_c25 cm
336 _aTexto (visual)
_2isbdcontent
337 _asin mediación
_2isbdmedia
338 _2rdacarrier
_avolumen
500 _aÍndice
500 _aCatalogación provisional. Signatura: N 8521. Depósito J.
610 2 4 _aBiblioteca Nacional (España)-
_vCatálogos
_92189
650 4 _aHeráldica-
_vBibliografías
_2embne
_913313
650 7 _aGenealogía
_vBibliografías
_2embne
_913046
710 2 _aBiblioteca Nacional (España)
_92188
800 _20
852 _aES-MaACL
_9200336
_bR.153411
_jN-8521
_cDEPOJ
_hDonación: Biblioteca Nacional de España
_zEn proceso
914 _aBiblioteca Nacional (España)
_ednr
_92188
942 _n0
_cMONOGRAFIA
999 _c193031
_d193031